000 01403nam0a22003011 4500
001 rc\2311937
005 20250623074302.0
035 _a(NLR Aleph) 006671041
090 _a4988638
_c4988638
100 _a20110829d1977 |||y0rusy50 ca
101 0 _arus
102 _aRU
105 _aab z |||||
200 1 _aОсновы структурно-формационного анализа колчеданоносных провинций
_fМ.Б. Бородаевская, А.И. Кривцов, Е.П. Ширай
_gЦентр. науч.-исслед. геол.-развед. ин-т цвет., редких и благородных металлов
210 _aМосква
_cНедра
_d1977
215 _a[1], 153 с., 1 отд. л. схем.
_cил., карт.
_d20
320 _aСписок лит.: с. 148-153
606 _aКолчеданные месторождения
_2rkp
700 1 _aБородаевская
_bМ.Б.
_f1911-
_gМария Борисовна
701 1 _7ca
_8rus
_aКривцов
_bА. И.
_cд-р геол.-минерал. наук
_f1933-2010
_gАнатолий Иванович
_9270908
_3RU\NLR\AUTH\770270964
701 1 _aШирай
_bЕ.П.
_gЕвгений Петрович
801 0 _aRU
_bNLR
_gpsbo
801 1 _aRU
_bELAR
_2rusmarc
852 _aNLR
_j77-5/3164
899 _aRuMoRGB
_jБ 77-8/832
899 _aRuMoRGB
_jБ 77-8/833
942 _cBOOK
980 _aNB